| 000 | 00996cab a2200253 4500 | ||
|---|---|---|---|
| 001 | ABS48851 | ||
| 008 | 090401t1993 xxu||||| |||| 00| 0 eng d | ||
| 035 | _a(Sirsi) u68819 | ||
| 041 | _aeng | ||
| 245 | _aBerlin and Hamburg | ||
| 260 | _c1993 | ||
| 350 | _a0 | ||
| 490 |
_aEstates Europe _vJune 1993, 6-15(10) |
||
| 520 | _aCompares prime office rents and yields between the two cities; lists key developments in the pipeline in Berlin with map and discusses the draft of the city`s structure plan. Concludes with a discussion on the Hamburg office market listing major downtown developments and a profile of Deutsche Immobilien Fonds AG. Economics fact table with maps showing key German cities. | ||
| 650 | _aBERLIN | ||
| 650 | _aGERMANY | ||
| 650 | _aHAMBURG | ||
| 650 | _aINVESTMENT MARKET | ||
| 650 | _aOFFICE DEVELOPMENT | ||
| 650 | _aPROPERTY-COMMERCIAL PROPERTY-OFFICE PROPERTY-OFFICE PROPERTY MARKET | ||
| 690 | _aOVERSEAS-EUROPE | ||
| 942 | _n0 | ||
| 948 | _c04/03/1997 | ||
| 999 |
_c43201 _d43201 |
||